McDonald's and Avery's dentistry for the child and adolescent / (Record no. 23936)
[ view plain ]
| 000 -LEADER | |
|---|---|
| fixed length control field | 01044cam a22002775a 4500 |
| 001 - CONTROL NUMBER | |
| control field | 16438299 |
| 005 - DATE AND TIME OF LATEST TRANSACTION | |
| control field | 20170115140044.0 |
| 008 - FIXED-LENGTH DATA ELEMENTS--GENERAL INFORMATION | |
| fixed length control field | 100828t2011 moua frb 001 0 eng d |
| 020 ## - INTERNATIONAL STANDARD BOOK NUMBER | |
| International Standard Book Number | 9780323057240 |
| 040 ## - CATALOGING SOURCE | |
| Original cataloging agency | DLC |
| Transcribing agency | DLC |
| Language of cataloging | eng |
| Modifying agency | EG-ScBUE |
| 082 04 - DEWEY DECIMAL CLASSIFICATION NUMBER | |
| Edition number | 22 |
| Classification number | 617.645 |
| Item number | MCD |
| 245 00 - TITLE STATEMENT | |
| Title | McDonald's and Avery's dentistry for the child and adolescent / |
| Statement of responsibility, etc | [edited by] Jeffrey A. Dean, David R. Avery, Ralph E. McDonald. |
| 250 ## - EDITION STATEMENT | |
| Edition statement | 9th ed. |
| 260 ## - PUBLICATION, DISTRIBUTION, ETC. (IMPRINT) | |
| Place of publication, distribution, etc | St. Louis : |
| Name of publisher, distributor, etc | Mosby / Elsevier, |
| Date of publication, distribution, etc | c.2011. |
| 300 ## - PHYSICAL DESCRIPTION | |
| Extent | xiv, 704 p. : |
| Other physical details | ill. ; |
| Dimensions | 28 cm. |
| 500 ## - GENERAL NOTE | |
| General note | Rev. ed. of: Dentistry for the child and adolescent / [edited by] Ralph E. McDonald, David R. Avery, Jeffrey A. Dean. |
| 504 ## - BIBLIOGRAPHY, ETC. NOTE | |
| Bibliography, etc | Includes bibliographical references and index. |
| 650 #7 - SUBJECT ADDED ENTRY--TOPICAL TERM | |
| Topical term or geographic name as entry element | Pedodontics. |
| Source of heading or term | BUEsh |
| 9 (RLIN) | 39506 |
| 650 #0 - SUBJECT ADDED ENTRY--TOPICAL TERM | |
| Topical term or geographic name as entry element | Youth |
| General subdivision | Dental care. |
| Source of heading or term | BUEsh |
| 651 ## - SUBJECT ADDED ENTRY--GEOGRAPHIC NAME | |
| Source of heading or term | BUEsh |
| 653 ## - INDEX TERM--UNCONTROLLED | |
| Resource For college | |
| Arrived date list | January2017 |
| 700 1# - ADDED ENTRY--PERSONAL NAME | |
| Personal name | Dean, Jeffrey A., |
| Titles and other words associated with a name | D.D.S. |
| Relator term | editor. |
| 700 1# - ADDED ENTRY--PERSONAL NAME | |
| Personal name | Avery, David R., |
| Relator term | editor. |
| 9 (RLIN) | 40809 |
| 700 1# - ADDED ENTRY--PERSONAL NAME | |
| Personal name | McDonald, Ralph E., |
| Dates associated with a name | 1920- |
| Relator term | editor. |
| 942 ## - ADDED ENTRY ELEMENTS (KOHA) | |
| Source of classification or shelving scheme | Dewey Decimal Classification |
| Withdrawn status | Item status | Source of classification or shelving scheme | Damaged status | Not for loan | Vendor | Home library | Current library | Shelving location | Date acquired | Source of acquisition | Cost, normal purchase price | Serial Enumeration / chronology | Total Checkouts | Full call number | Barcode | Date last seen | Cost, replacement price | Koha item type |
|---|---|---|---|---|---|---|---|---|---|---|---|---|---|---|---|---|---|---|
| Dewey Decimal Classification | Central Library | Central Library | Ground Floor | 15/01/2017 | Purchase | 950.00 | 0000480 | 617.645 MCD | 000040963 | 15/07/2025 | 1187.50 | Reference (NB) |